Normal view MARC view
  • PhD-Business Administration

Entry Topical Term

Number of records used in: 13

001 - CONTROL NUMBER

  • control field: 123754

003 - CONTROL NUMBER IDENTIFIER

  • control field: NUST

005 - DATE AND TIME OF LATEST TRANSACTION

  • control field: 20240624154508.0

008 - FIXED-LENGTH DATA ELEMENTS

  • fixed length control field: 240624|| aca||aabn | a|a d

040 ## - CATALOGING SOURCE

  • Original cataloging agency: NUST
  • Transcribing agency: NUST

150 ## - HEADING--TOPICAL TERM

  • Topical term or geographic name entry element: PhD-Business Administration

670 ## - SOURCE DATA FOUND

  • Source citation: Work cat.: (NUST): Malik, Ambreen 123753, A COGNITIVE-APPRAISAL BASED MODEL OF CHANGE RECIPIENTS’ BEHAVIORAL RESPONSES TO A MAJOR ORGANIZATIONAL CHANGE/
© 2023 Central Library, National University of Sciences and Technology. All Rights Reserved.